[Event "Donner Memorial"]
[Site "Amsterdam"]
[Date "1995.??.??"]
[Round "5"]
[White "Piket, Jeroen"]
[Black "Salov, Valery"]
[Result "0-1"]
[WhiteElo "2625"]
[BlackElo "2685"]
[Annotator "Salov,V"]
[PlyCount "82"]
[EventDate "1995.08.??"]
[EventType "tourn"]
[EventRounds "11"]
[EventCountry "NED"]
[EventCategory "16"]
[SourceTitle "CBM 049"]
[Source "ChessBase"]
[SourceDate "1995.12.01"]
[SourceVersion "1"]
[SourceVersionDate "1995.12.01"]
[SourceQuality "1"]

1. d4 {Hansen,Cu Dautov} Nf6 2. c4 e6 3. Nf3 b6 4. Nc3 Bb4 5. Bg5 h6 6. Bh4 Bb7
7. e3 c5 8. dxc5 {Etwas häufiger werden hier andere Theoriezüge gespielt:} (8.
Bd3 {Dautov} cxd4 (8... d5 {Hansen,Cu} 9. cxd5 exd5 10. dxc5 bxc5 11. O-O O-O
12. Rc1 Nbd7 13. Bf5 $14 {Bisguier,A-Stahlberg,G/Goteborg izt (05) 1955 (41)})
(8... O-O 9. O-O cxd4 10. exd4 Be7 (10... Bxf3 $5 11. Qxf3 Nc6 12. Qe3 Be7) 11.
Qe2 d5 12. cxd5 exd5 (12... Nxd5 13. Qe4 g6 14. Bg3 $16) 13. Rfe1 $16 {
Stahlberg,G-Golombek,H/Moscow ,MCL 06 1956 (33)}) (8... Bxc3+ 9. bxc3 d6 10.
O-O Nbd7 (10... Qe7 11. Nd2 Nc6 12. a4 O-O-O 13. a5 g5 14. Bg3 Nxa5 15. Nb3 $36
{Greenfeld,A-Plaskett,J/Hastings 41/609 1985}) 11. Ne1 (11. Nd2 Qc7 12. Qc2 g5
13. Bg3 h5 14. h4 gxh4 15. Bxh4 O-O-O 16. f3 (16. Ne4 Rdg8 $1) 16... Rdg8 17.
a4 Rg7 18. Ne4 Nh7 19. a5 f5 20. axb6 axb6 21. Nd2 $13 {Miles,A-Ligterink,G/
Wijk (01) 1977 (32)}) 11... Qc7 12. f3 g5 13. Bf2 O-O-O 14. e4 Nh5 15. Nc2 Nf4
16. a4 Ba6 17. Na3 Ne5 18. Be2 Nc6 19. Nb5 $14 {Furman,S-Romanishin,O/URS ch
21/495 1975}) (8... d6 9. Rc1) 9. exd4 Bxf3 $5 (9... Be7 10. O-O d6 (10... O-O
11. Re1 (11. Rc1 d6 12. Bb1 Nbd7 $10 {Hegedus,Gyorgy-Lengyel,Ferenc/ch of Debr
(08) 1995}) 11... d6 12. Rc1 Nbd7 13. h3 Re8 $10 {Lukacs-Rajkovic/Vrnjacka
Banja (11) 1987 (25)}) 11. Re1 Nbd7 12. Nd2 O-O 13. Bg3 d5 $15 {Bareev,
E-Razuvaev,Y/URS-FL Irkutsk 1986}) 10. Qxf3 Nc6 11. Qe3 Be7 (11... Be7 12. Bg3
(12. O-O d5 $2 13. Bxf6 Bxf6 14. cxd5 $16 {Kurz,A-Herzog,K/BL 8687
Regensburg-Bamberg [7] 1987 (33)}) 12... d5 (12... Nb4 13. Bb1 Nh5 14. O-O O-O
15. a3 Nc6 16. Rd1 Bg5 17. Qd3 g6 18. d5 Na5 19. Ne4 Nxg3 20. hxg3 exd5 21.
Qxd5 Bf6 22. Ra2 Rc8 23. Nd6 Rc5 24. Qd3 Be7 25. Ne4 Rc6 26. Qxd7 Nxc4 27. b4
Rc7 28. Qa4 Qc8 29. Re2 Rd8 30. Rxd8+ Qxd8 31. Ba2 Kg7 32. Qb3 Qd4 33. Kh2 Ne5
34. Qb1 Ng4+ 35. Kg1 Nf6 36. Rd2 Qxe4 {0-1 Tukmakov,V-Salov,V/URS-ch54 Minsk
1987}) 13. O-O (13. cxd5 Nxd5 14. Qe4 (14. Nxd5 Qxd5 15. O-O Rc8 16. Rac1 Bg5
17. f4 Bf6 $17 {Laren,P-Martin,V/WT/M\475 1991 (27)}) 14... Qd7 15. O-O Nf6 16.
Qe3 O-O 17. Rfd1 Nb4 $10 {Hernandez,G-Franzoni/Thessaloniki ol (05) 1988 (37)})
13... Nb4 14. cxd5 Nxd3 15. Qxd3 Nxd5 16. Qb5+ Qd7 17. Nxd5 exd5 18. a4 (18.
Qxd7+ Kxd7 19. Rac1 Rac8 $10 {Cooper-Zsinka,Laszlo/London 1987 (43)}) 18...
Qxb5 19. axb5 Kd7 20. Rfc1 Rhc8 $10 {Schweber,S-Keres,Paul/Tel Aviv ol 1964}) (
11... d5 12. O-O dxc4 13. Bxc4 O-O 14. Rad1 Na5 15. Ba6 $14 {Aseev,K-Budnikov,
A/St.Petersburg zt (09) 1993})) (8. Be2 {Dautov} cxd4 (8... g5 9. Bg3 Ne4 10.
Qc2 d6 11. h4 Qf6 12. O-O-O Bxc3 13. bxc3 Nd7 14. Bd3 Nxg3 15. fxg3 g4 16. Nd2
Qf2 $17 {Magai,V-Stefansson,H/Moscow olm (13) KGZ-ISD ,EXP 44 1994}) 9. exd4
Be7 (9... Nc6 {Hansen,Cu} 10. O-O Rc8 11. Rc1 Ne7 (11... Be7 12. d5 exd5 13.
cxd5 Nxd5 14. Nxd5 Bxh4 15. Nxh4 Qxh4 16. Rc4 Qg5 17. Re4+ Kd8 18. h4 $16 {
Filip,M-Adamski,J/Polanica Zdroj 28/619 1979 (27)}) 12. Bxf6 gxf6 13. a3 Bd6
14. d5 Ng6 15. Re1 f5 16. Bf1 O-O $13 {Gurgenidze,B-Keres,P/URS-ch24 Moscow 
(11) 1957}) (9... O-O 10. O-O Be7 11. Ne5 a6 12. Bf3 $14 {Lobron,E-Rajkovic,D/
BL 1992 (34)})) (8. a3 {Hansen,Cu} Bxc3+ 9. bxc3 d6 10. Bd3 Qe7 11. O-O e5 12.
Nd2 Nbd7 13. Bf5 g6 14. Bxd7+ Kxd7 15. dxe5 Qxe5 16. Bg3 Qe6 17. h3 Rhd8 18. e4
Kc8 19. Re1 Nd7 20. Qb3 Nb8 {1/2-1/2 Staniszewski,P-Sygulski,A/dr ch POL
Porabka (09) 1986}) (8. Rc1 {Hansen,Cu} cxd4 9. exd4 O-O 10. Bd3 (10. Be2 Be7
11. O-O d6 12. Ne1 a6 13. Nc2 Nbd7 14. Ne3 Re8 15. a3 Rc8 16. b4 Ne4 17. Nxe4
Bxe4 18. Bxe7 Qxe7 19. Re1 Nf6 20. Bf3 Bxf3 21. Qxf3 Qd7 $10 {Cvitan,
O-Rajkovic,D/Vrsac 44/(652) 1987}) 10... Bxf3 11. Qxf3 Nc6 12. Qe3 Be7 13. Bb1
Rc8 14. O-O Re8 15. Qd3 Nb4 16. Qe2 d5 $10 {Winants,L-Ligterink,G/Budel zt 1987
}) (8. Qc2 {Hansen,Cu} cxd4 9. exd4 O-O 10. a3 Be7 11. Bd3 d5 12. Bxf6 Bxf6 13.
cxd5 exd5 14. O-O Nc6 15. Rad1 Re8 16. Qa4 a6 $10 {Porper,E-Almada,E/Lenk op
1994}) 8... Bxc5 (8... bxc5 {Hansen,Cu} 9. Bxf6 Qxf6 10. Rc1 O-O 11. a3 Ba5 12.
Qd6 Rc8 13. Qe5 Qxe5 14. Nxe5 d6 $15 {Dietze,Max-Alekhine,Alexander/Praha (02)
1943}) 9. Bd3 {N  Schwarz strebt eindeutig einen Igelaufbau an, bei dem der
Läufer normalerweise besser auf e2 steht.} (9. Be2 Be7 10. O-O O-O 11. Nd4 a6 (
11... Nc6 12. Ndb5 Ne8 13. Bg3 a6 14. Nd6 Nxd6 15. Bxd6 Bxd6 16. Qxd6 Ne7 17.
Rfd1 Bc6 18. e4 $14 {Farago,I-Brenninkmeijer,R/Wijk-B 1987}) 12. Bf3 Qc7 (12...
Ra7 {Hansen,Cu} 13. Rc1 Nc6 14. Nxc6 Bxc6 15. Bxc6 dxc6 16. Qf3 Qa8 17. e4 c5
18. Rfe1 Rd8 $10 {Conquest,Stuart-Zsinka,Laszlo/Budapest 1987}) 13. Rc1 Bxf3
14. Qxf3 Nc6 15. Bg3 {led to the infinitesimal advantage for white in
Lputian-Razuvaev, Irkutsk 1986; overall 9.Be2 looks more natural - on d3 white
bishop will soon be attacked; another possibility is not to exchange pawns on
c5} (15. Bg3 {Dautov} Ne5 16. Qe2 Rfc8 17. b3 d6 $10 {Lputian,S-Razuvaev,Y/
URS-FL Irkutsk 1986} (17... d6 18. f4 Nc6 19. f5 $16 {Lputian,S-Razuvaev,Y/
Irkutsk 42/679 1986 (40)}))) 9... Be7 10. O-O Na6 11. Rc1 Nc5 {winning a tempo
to establish firm control over the e4 square (see the annotation above),- this
way black solves all his opening problems} 12. Bb1 O-O $5 (12... Nfe4 13. Bxe7
Qxe7 14. Nxe4 Nxe4 15. Bxe4 Bxe4 16. Qd4 Bxf3 17. gxf3 O-O $10 {this was the
easiest way to force an immediate draw, but black is OK already and doesn't
need to simplify the position}) 13. Ne5 $6 {Einige Tage später versuchte Piket,
gegen Anand sein Spiel zu verbessern, aber onhe Erfolg:} (13. Nd4 Nfe4 14. Bxe7
Qxe7 15. Nxe4 Bxe4 16. Bxe4 Nxe4 17. Qc2 Nf6 18. Rfd1 $10 {was tried later by
Jeroen in his TV game against Anand} (18. Rfd1 {Dautov} Rfc8 19. Qa4 a6 20. Qb3
Qc5 21. h3 b5 22. cxb5 Qxc1 23. Rxc1 Rxc1+ 24. Kh2 axb5 $15 {Piket,J-Anand,V/
WDR-TVCup 60' ;CBM 48 1995} (24... axb5 {Hansen,Cu} 25. f3 (25. Nxb5 Ne4 26. f3
Nd2 $132) 25... b4 26. e4 (26. Nc2 $5) 26... Ra1 $17 {Piket,J-Anand,V/
WDR-TVCup 60 ;CBM 48 1995 (43)}))) (13. Nd2 $5 {Dautov  /\b4 kam in Betracht,
um die Entwicklung des Läufers auf die Diagonale b1-h7 zu rechtfertigen.} d6
14. Qc2 Ncd7 15. f4 $13 {/\f5}) (13. Nd2 $5 {Hansen,Cu}) (13. Bg3 $5 {Hansen,Cu
}) 13... d6 14. Nd3 $1 {[%cal Yd3c5,Yd1d3,Yb1h7] discretion is the better part
of valour! - impetuous /\Nxc5,Qd3, /\Nxc5,Qd3,/^b1-h7} (14. Bxf6 Bxf6 15. Qc2
Re8 $1 (15... g6 $2 16. Nxg6 fxg6 17. Qxg6+ Bg7 18. Qh7+ Kf7 19. Bg6+ Kf6 20.
Bh5 $40) 16. Qh7+ Kf8 17. Ng4 Bxc3 18. Rxc3 Qg5 $132 {would have led nowhere})
14... Ncd7 {[%csl Rd3] פd3} 15. f3 {[%cal Ye3e4] /\e3-e4} Rc8 16. b3 d5 {
premature decision explained by miscalculation} 17. cxd5 Nxd5 (17... Rxc3 $2
18. d6 $3 {this intermediate move escaped my attention in due time (while
playing 16...d5)} (18. Rxc3 Nxd5 19. Bxe7 Qxe7 20. Qd2 Nxc3 21. Qxc3 Rc8 $15)
18... Rxc1 19. Nxc1 $16) 18. Bxe7 Qxe7 19. Nxd5 Bxd5 20. Qd2 (20. e4 {Hansen,Cu
} Bb7 $15 {[%csl Rb1,Rd4] ><d4,ץb1}) 20... Nf6 21. Rxc8 (21. Qb2 $5 $10 {
[%cal Yd3e5,Yb1d3] Hansen,Cu  /\Ne5,Bd3}) 21... Rxc8 22. Rc1 Rd8 {black is
trying his last resources to avoid draw  Schwarz berücksichtigt das unsichere
Spiel des Gegners und möchte vorerst keine weitere Figuren tauschen.} (22...
Rxc1+ $10) 23. Qc3 (23. e4 {Dautov} Bb7 24. Qe3 $10) 23... Bb7 24. Qe5 {
[%cal Yc1c7] Jeroen demonstrates laudable combativity as well - I would rather
call it "antiPCA" chess /\Rc7} (24. Qc7 $1 Kf8 $10 (24... Qxc7 {Dautov} 25.
Rxc7 Ba6 26. Nf2 Rd7 27. Rxd7 Nxd7 28. Bd3 $10) (24... Rd7 {Hansen,Cu} 25. Qb8+
Rd8 26. Qc7 $10)) (24. Ne5 {Hansen,Cu} Nd5 {[%csl Re3][%cal Ye7g5,Yg5e5,Yg5e3]
/\Qg5}) 24... Rd6 $1 25. h3 Qd8 {[%csl Rb1][%cal Yd8d1] <->d, ץb1} 26. Kh2 a5
{[%cal Yb7a6] /\Ba6. Das Eindringen des schwarzen Turms auf die 2.Reihe ist
nicht zu vermeiden. Piket erleichtert dem Gegner die Sache zusätzlich. /\La6//
\27..Bxf3!? 28.gxf3 Rxd3 29.Bxd3 Qxd3 ~/=} (26... Rxd3 $4 {Hansen,Cu} 27. Bxd3
Qxd3 28. Qb8+ $18) 27. Nb2 $2 $138 {fatal mistake, caused by serious shortage
of time} (27. Nf2 {Dautov} Rd2 28. Rc2 $15) 27... Rd2 $1 28. Rc2 {white is
more or less forced to liquidate into much inferior endgame; probably Jeroen
prepared Nc4 and overlooked the following combination} (28. Nc4 Ng4+ $3 {
suddenly all black pieces attain the highest degree of coordination} 29. hxg4 (
29. fxg4 Rxg2+ $19 (29... Rxg2+ {Dautov} 30. Kh1 Rc2+ $19)) 29... Qh4+ 30. Kg1
Qf2+ 31. Kh2 Qxg2#) (28. Kg1 Bxf3 29. gxf3 Nd7 $19) (28. Kh1 $1 {Dautov} Ng4 $2
(28... Nd7 29. Qc3 Nc5 30. Qxd2 $1 Qxd2 31. Rd1 Qxd1+ 32. Nxd1 $10) (28... b5
$5 $15) 29. fxg4 Bxg2+ 30. Kg1 $1 (30. Kh2 $2 Be4+ 31. Kg3 (31. Kg1 Rg2+ 32.
Kf1 Bxb1 33. Kxg2 (33. Rxb1 Qd2 $19) 33... Qd2+ 34. Kg3 Qxc1 $19) 31... Rg2+
32. Kf4 Bb7 33. Be4 Rf2+ 34. Kg3 Bxe4 35. Qxe4 Rxb2 $19) 30... Bxh3 31. Rc2
Rxc2 32. Bxc2 Bxg4 33. Nc4 $14) 28... Rxc2 29. Bxc2 Bxf3 30. Nc4 Bd5 31. Qd6
Qxd6+ 32. Nxd6 Nd7 $19 33. Bd3 Bc6 {black is careful not to fall into} (33...
Kf8 34. Bb5 Ke7 35. Nc8+ Kd8 36. Bxd7 Kxd7 37. Nxb6+ {though even in this case
white is lost after Kc6}) 34. a3 Kf8 35. b4 axb4 36. axb4 Ke7 37. Nc8+ Kd8 38.
Nd6 Ne5 39. Be2 Bd5 40. g4 Kd7 41. Nb5 Nc6 0-1

[Event "Amsterdam Euwe Memorial"]
[Site "Amsterdam"]
[Date "1991.??.??"]
[Round "7"]
[White "Salov, Valery"]
[Black "Van der Wiel, John"]
[Result "1-0"]
[WhiteElo "2645"]
[BlackElo "2530"]
[Annotator "Salov,V"]
[PlyCount "119"]
[EventDate "1991.05.??"]
[EventType "tourn"]
[EventRounds "9"]
[EventCountry "NED"]
[EventCategory "16"]
[SourceTitle "CBM 023"]
[Source "ChessBase"]
[SourceDate "1991.08.01"]
[SourceVersion "1"]
[SourceVersionDate "1991.08.01"]
[SourceQuality "1"]

1. d4 {Schussler} Nf6 2. Nf3 e6 3. c4 b6 4. Nc3 Bb4 5. Bg5 Bb7 6. e3 h6 7. Bh4
g5 8. Bg3 Ne4 9. Qc2 Bxc3+ 10. bxc3 Nxg3 11. fxg3 g4 12. Nh4 Qg5 13. Qd2 d6 $5
(13... Nc6 {is a more common continuation here - with the idea Ne7 and f7-f5.})
(13... Nc6 {Schussler} 14. Bd3 f5 15. e4 fxe4 16. Bxe4 O-O-O 17. Ng6 $13 {
Kishnev-Kengis, Soviet 1988}) 14. Bd3 Nd7 15. O-O h5 16. Rf4 Rh6 $1 17. Raf1
Rf6 18. Qf2 Ke7 (18... Rxf4 19. gxf4 Qa5 20. Qc2 $14) 19. e4 Rh8 (19... Rg8 20.
Qe1 $5 {preventing the threat 20...Rf4 21.gf4 g3!}) 20. c5 $1 bxc5 (20... dxc5
21. e5 Rxf4 22. gxf4 Qh6 23. f5 $44) 21. Bb5 $1 c6 $8 22. Bd3 $1 Bc8 $1 (22...
cxd4 23. cxd4 c5 24. Bb5 $1 $40) 23. Kh1 Rhh6 $1 (23... Rg8 24. dxc5 dxc5 25.
Nf5+ $1 exf5 26. e5 Re6 27. Rxf5 $18) 24. e5 $1 (24. Nf5+ $5 exf5 (24... Rxf5
25. exf5 e5 26. f6+ $3 Rxf6 27. dxe5 dxe5 28. Rxf6 Qxf6 29. Bf5 $18) 25. e5
dxe5 26. dxe5 Nxe5 27. Qxc5+ Rd6 28. Qxe5+ Kf8 29. Bxf5 Rhf6 $13) 24... dxe5
25. dxe5 Qxe5 26. Nf5+ $1 Rxf5 $1 27. Rxf5 (27. Bxf5 Rf6 $132) 27... exf5 28.
Re1 Kf6 $1 29. Rxe5 Nxe5 30. Qxc5 Be6 $1 (30... Nxd3 31. Qf8 $1 $18) 31. Qf8 $1
Rh7 32. Bb1 Nd7 33. Qd8+ Kg6 34. h4 gxh3 35. gxh3 Nf6 36. Kh2 Kg7 (36... Rg7
37. Qd4 Rg8 38. g4 $16) 37. Qa5 $1 Kg6 38. Qxa7 Rh8 39. Qb6 Ra8 (39... Nd7 $142
$1 40. Qf2 $1 Rb8 41. Bc2 Ne5 42. Qe2 $1 (42. a4 Kf6 43. a5 Rb2 44. a6 Ra2 45.
a7 c5 $1) 42... Kf6 (42... f6 43. g4 $1) 43. Qxh5 $16) 40. Qb2 Rd8 41. Qe2 $1
$18 Kg7 42. a4 Rb8 43. Bd3 Ra8 44. Bc2 Rb8 45. Bd3 Ra8 46. Qc2 $1 Kg6 47. c4 c5
48. Qa2 Rd8 (48... Ra5 49. Qa1 $18) 49. Qe2 Rd4 (49... Ra8 50. g4 $18) 50. a5
Bc8 51. Qf3 $1 Ne4 52. g4 hxg4 53. hxg4 fxg4 (53... Nd6 54. Bxf5+ $18) 54.
Bxe4+ f5 55. Qxg4+ Kf6 56. Qh4+ Ke5 57. Qh8+ Kxe4 58. Qxc8 f4 59. Qe6+ Kf3 60.
a6 1-0

[Event "Tbilisi+"]
[Site "Tbilisi"]
[Date "1991.??.??"]
[Round "?"]
[White "Efimov, Igor"]
[Black "Gurieli, Nino"]
[Result "1-0"]
[WhiteElo "2470"]
[BlackElo "2370"]
[Annotator "Schussler,H"]
[PlyCount "51"]
[EventDate "1991.05.??"]
[EventType "tourn"]
[EventRounds "3"]
[EventCountry "GEO"]
[SourceTitle "CBM 024"]
[Source "ChessBase"]
[SourceDate "1991.10.01"]
[SourceVersion "1"]
[SourceVersionDate "1991.10.01"]
[SourceQuality "1"]

1. d4 Nf6 2. Nf3 e6 3. c4 b6 4. Nc3 Bb7 5. Bg5 Bb4 6. e3 h6 7. Bh4 O-O 8. Bd3
d5 $6 {Extremely risky as Black has difficulties getting out of the pin.} 9.
cxd5 exd5 10. Ne5 $1 $16 c5 11. O-O c4 $2 {Black has to keep the tension in
the centre, in order to have a chance to achieve counter-play.} 12. Bc2 a6 13.
Qf3 Ra7 14. Ng4 Nbd7 15. Qg3 Kh8 16. Qh3 $1 Be7 17. Nxh6 $1 $18 gxh6 18. Bxf6+
Nxf6 19. Qxh6+ Kg8 20. f4 $1 Ne4 21. Rf3 Bh4 22. Bxe4 dxe4 23. Rh3 Qf6 24. Qh5
Re8 25. Rxh4 b5 26. Rg4+ {After 26. - Kf8 27.Qc5+ will win the Q.} 1-0

[Event "Altensteig"]
[Site "Altensteig"]
[Date "1990.??.??"]
[Round "8"]
[White "Paehtz, Thomas Sr"]
[Black "Gabriel, Christian"]
[Result "1-0"]
[WhiteElo "2445"]
[BlackElo "2365"]
[Annotator "Schussler,H"]
[PlyCount "54"]
[EventDate "1990.07.??"]
[EventType "tourn"]
[EventRounds "11"]
[EventCountry "GER"]
[EventCategory "9"]
[SourceTitle "CBM 020"]
[Source "ChessBase"]
[SourceDate "1991.02.01"]
[SourceVersion "1"]
[SourceVersionDate "1991.02.01"]
[SourceQuality "1"]

1. d4 Nf6 2. c4 e6 3. Nc3 Bb4 4. Qc2 O-O 5. Bg5 h6 6. Bh4 b6 7. Nf3 Bb7 8. e3
d6 {This passive line is slightly better for White as Black, who has already
castled, cannot easily break the pin by means of g7-g5.} 9. Bd3 Nbd7 10. O-O-O
Rc8 11. Ne4 Bxe4 12. Bxe4 c5 13. d5 e5 14. Bf5 Rc7 15. a3 Ba5 16. g4 $1 $16 Qe8
17. g5 hxg5 18. Nxg5 b5 19. Ne4 Nxe4 20. Qxe4 g6 21. Rhg1 Kg7 22. Rg3 Rh8 23.
Rdg1 Nf8 24. Rh3 Nh7 25. f4 exf4 26. Qxf4 Nf8 27. Bxg6 fxg6 1-0

[Event "Munich"]
[Site "Munich"]
[Date "1990.??.??"]
[Round "?"]
[White "Beliavsky, Alexander G"]
[Black "Gulko, Boris F"]
[Result "1/2-1/2"]
[WhiteElo "2640"]
[BlackElo "2610"]
[Annotator "Schussler,H"]
[PlyCount "40"]
[EventDate "1990.04.??"]
[EventType "tourn"]
[EventRounds "11"]
[EventCountry "GER"]
[EventCategory "13"]
[SourceTitle "CBM 018"]
[Source "ChessBase"]
[SourceDate "1990.10.01"]
[SourceVersion "1"]
[SourceVersionDate "1990.10.01"]
[SourceQuality "1"]

1. d4 Nf6 2. c4 e6 3. Nc3 Bb4 4. Nf3 b6 5. Bg5 Bb7 6. e3 h6 7. Bh4 Bxc3+ 8.
bxc3 Qe7 9. Bd3 d6 10. Qc2 {Usually White regroupes with an early Nd2 followed
by f3. Instead of this Beliavsky strives for a quick e3-e4. However the plan
is not very succesful - Gulko can combat it with natural moves such as Nc6 and
e5 - and kingsside-play} g5 11. Bg3 h5 12. h3 (12. Nxg5 $4 h4 13. Bf4 e5 $19)
12... h4 13. Bh2 Rg8 14. e4 Nc6 15. Nd2 e5 16. d5 Nb8 17. Be2 Nbd7 18. Bg4 Nxg4
19. hxg4 Nc5 20. f3 Bc8 1/2-1/2

[Event "Bayern-chI Bank Hofmann 5th"]
[Site "Bad Wiessee"]
[Date "2001.11.01"]
[Round "6"]
[White "Pinter, Jozsef"]
[Black "Shabalov, Alexander"]
[Result "1/2-1/2"]
[WhiteElo "2550"]
[BlackElo "2574"]
[Annotator "Shabalov,A"]
[PlyCount "114"]
[EventDate "2001.10.27"]
[EventType "swiss"]
[EventRounds "9"]
[EventCountry "GER"]
[SourceTitle "EXT 2003"]
[Source "ChessBase"]
[SourceDate "2002.11.25"]
[SourceVersion "1"]
[SourceVersionDate "2002.11.25"]
[SourceQuality "1"]

1. d4 Nf6 2. c4 e6 3. Nc3 Bb4 4. Nf3 b6 5. Bg5 Bb7 6. e3 h6 7. Bh4 Bxc3+ 8.
bxc3 d6 9. Nd2 g5 10. Bg3 Nc6 {This rare move order alternative to an old-
fashioned 9...Nbd7 10.f3 Qe7 and to a modern} (10... Qe7 11. f3 Nc6) {picked
up a certain attention after Michael Adams played it versus Bacrot in Sarajevo
2000.} 11. h4 Rg8 12. hxg5 hxg5 13. Qa4 $146 {The foremost expert in this
varition ,Jozsef Pinter,is trying directly to challenge black's set up by
forcing the black queen move twice on 13th and 15 th moves.It remains
questionable, however, how useful the queen on a4 is.All former games in this
variation featured 13.Rh6} (13. Rh6 Qe7 14. c5 (14. Qf3 Rg6 15. Rxg6 fxg6 16.
Bd3 (16. Ne4 Nxe4 17. Qxe4 Qf6 18. c5 Na5 19. Bb5+ Kf7 20. c6 Nxc6 21. Bxc6 d5
22. Bxb7 dxe4 23. Bxa8 Qh8 24. O-O-O Qxa8 25. Rh1 {1/2-1/2 Bacrot,E-Fontaine,R/
Marsailles FRA 2001/(25).}) 16... O-O-O 17. Qe2 Rh8 18. O-O-O Rh6 19. f3 Kb8
20. Bf2 e5 21. g4 d5 22. Kb2 Rh2 23. Qf1 dxc4 24. Bxg6 Nd5 25. Bg1 exd4 26.
exd4 Re2 {0-1 Bacrot,E-Adams,M/Sarajevo 2000/(26).}) 14... dxc5 15. Qf3 Nd5 16.
Bb5 O-O-O 17. Rh7 Rh8 18. Rxf7 g4 19. Rxe7 gxf3 {0-1 Van Gaalen,B-Roeder,M/BEL
1995/(19).}) 13... Qd7 14. f3 (14. Rh6 Ng4) (14. c5 $5) 14... O-O-O 15. Rh6 Qe7
16. O-O-O Kb8 17. Be2 Rh8 {There's no reason to allow white to dominate on
h-file.} 18. Rdh1 Rxh6 19. Rxh6 Nd7 {I like the flexibility of black's
position.While keeping an eye on possible c4-c5 breakthrough he eventually
prepares to expand on king's side.} 20. Qc2 {Black seizes the initiative after
this indifferent move.} (20. Rh7 Nf8 21. Rh1 $11) 20... f5 $1 21. Bf2 Qg7 22.
Rh1 (22. Rxe6 Nf8 23. Qxf5 Bc8 $19) 22... Rf8 $6 {Not sure what the idea
behind that move was.The obvious choice was} (22... Ne7) 23. Qd1 Ne7 24. Nb3 e5
25. Kb2 e4 26. Nd2 d5 {It looks like black did a good job containing white's
bishops and it's only a matter of time before he will manage to break through
(27...f4,28...Nf5).} 27. Qa4 $1 {With this move white starts sudden
counterplay which has taken black by surprise.} Nf6 28. c5 f4 {Position is
extremely complicated.White fared slightly better in followed mutual time
troubled mess.} 29. Re1 g4 $2 {Logical,but bad.Both coldblooded} (29... bxc5) (
{and} 29... Rh8 {were leaving black on top.}) 30. fxe4 dxe4 31. exf4 Nfd5 32.
Nc4 g3 33. Bg1 Bc6 34. Qa3 Rxf4 $2 (34... Nxf4) 35. Ne5 Qg5 36. cxb6 axb6 37.
Rc1 ({The right decision to defend against 37...Rf2.The right move however was
} 37. Rd1) 37... Rf6 38. c4 Qd2+ 39. Rc2 Qb4+ 40. Qxb4 Nxb4 41. Rc3 {Time
trouble is over and it looks like black is in serious trouble.Fortunately for
him the draw is still there.} Nd3+ $1 42. Nxd3 exd3 43. Rxd3 Re6 44. Bg4 Re1
45. Be3 Be4 46. Bd2 (46. Rb3 Bxg2 47. Bd2 Re4 48. Rxg3 Bf1 $11) 46... Rb1+ 47.
Kxb1 Bxd3+ 48. Kb2 Bxc4 49. Be1 Bd5 50. Bh3 Nc6 51. Bxg3 Nxd4 52. Be5 Nc6 53.
Bc3 Nd8 54. g3 c5 55. Be5+ Kb7 56. Bf5 Nc6 57. Bf6 Na5 1/2-1/2